000 00468pab a2200157 454500
008 180718b1999 xxu||||| |||| 00| 0 eng d
100 _aWeil, David N.
245 _aWhy has fertility fallen below replacement in industrial nations, and will it last?: population growth, dependency, and consumption
260 _c1999
300 _ap.251-55
362 _aMay
650 _aPopulation
650 _aFertility
773 _aAmerican Economic Review
909 _a45898
999 _c45898
_d45898